[Event "20th EUR-ch"]
[Site "Skopje MKD"]
[Date "2019.03.28"]
[Round "10"]
[White "Erenberg, Ariel"]
[Black "Kelires, Andreas"]
[Result "1/2-1/2"]
[WhiteElo "2394"]
[BlackElo "2529"]
[EventDate "2019.03.18"]
[Board "87"]
[PlyCount "90"]

1.d4 Nf6 2.c4 e6 3.Nc3 Bb4 4.Qc2 O-O 5.a3 Bxc3+ 6.Qxc3 d6 7.f3 Nfd7 8.e4 
d5 9.cxd5 exd5 10.e5 c5 11.f4 Nc6 12.Be3 cxd4 13.Bxd4 Nxd4 14.Qxd4 Nb8 15.
Bd3 Nc6 16.Qe3 Qa5+ 17.Qd2 Qb6 18.Qf2 f6 19.Qxb6 axb6 20.exf6 Bg4 21.h3 
Bd7 22.Ne2 Rxf6 23.O-O Re8 24.Nc3 Be6 25.Rae1 Rff8 26.Na4 g6 27.Nxb6 Nd4 
28.Rd1 Kg7 29.Rf2 Nc6 30.Bb5 Rd8 31.Re2 Bg8 32.g3 h5 33.h4 Rf6 34.Bxc6 
Rxc6 35.Re7+ Kh6 36.Rxb7 Re8 37.Rd2 Re3 38.Na4 Rxg3+ 39.Kh2 Re3 40.Nc3 Rf6
41.Rd4 Be6 42.Kg2 Re2+ 43.Kg3 Re3+ 44.Kg2 Re2+ 45.Kg3 Re3+ 1/2-1/2

[Event "20th EUR-ch"]
[Site "Skopje MKD"]
[Date "2019.03.28"]
[Round "10"]
[White "Ozen, Deniz"]
[Black "Mirzoev, Emil"]
[Result "1/2-1/2"]
[WhiteElo "2393"]
[BlackElo "2511"]
[EventDate "2019.03.18"]
[Board "88"]
[PlyCount "44"]

1.e4 c5 2.Nf3 e6 3.c3 d5 4.exd5 Qxd5 5.d4 Nf6 6.Be2 Be7 7.O-O O-O 8.h3 
Nbd7 9.Be3 b6 10.c4 Qc6 11.Ne5 Qc7 12.Bf3 Bb7 13.Bxb7 Qxb7 14.Nxd7 Nxd7 
15.dxc5 Nxc5 16.Nc3 Bf6 17.Qc2 Rfc8 18.Rfd1 Qc6 19.Bd4 Be7 20.b3 Nb7 21.
Be5 f6 22.Bf4 Bf8 1/2-1/2

[Event "20th EUR-ch"]
[Site "Skopje MKD"]
[Date "2019.03.28"]
[Round "10"]
[White "Badelka, Olga"]
[Black "Quparadze, Giga"]
[Result "0-1"]
[WhiteElo "2384"]
[BlackElo "2501"]
[EventDate "2019.03.18"]
[Board "89"]
[PlyCount "50"]

1.d4 Nf6 2.c4 e6 3.Nc3 Bb4 4.Qc2 O-O 5.a3 Bxc3+ 6.Qxc3 b6 7.Bg5 Bb7 8.e3 
d6 9.Ne2 Nbd7 10.Qc2 e5 11.Rd1 exd4 12.Nxd4 Qe8 13.Bd3 h6 14.Bh4 Ne5 15.
Be2 g5 16.Bg3 Bxg2 17.Rg1 Be4 18.Qc1 Qd7 19.h4 g4 20.Rd2 Qe7 21.Qd1 h5 22.
Bf4 Bg6 23.f3 a6 24.Bg5 gxf3 25.Bd3 Neg4 0-1

[Event "20th EUR-ch"]
[Site "Skopje MKD"]
[Date "2019.03.28"]
[Round "10"]
[White "Sadikhov, Ulvi"]
[Black "Kacharava, Nikolozi"]
[Result "1-0"]
[WhiteElo "2488"]
[BlackElo "2424"]
[EventDate "2019.03.18"]
[Board "90"]
[PlyCount "117"]

1.e4 c5 2.Nf3 d6 3.Bb5+ Nc6 4.O-O Bd7 5.Re1 a6 6.Bc4 Nf6 7.c3 Bg4 8.d4 
cxd4 9.cxd4 Bxf3 10.gxf3 e6 11.d5 Ne5 12.Bb3 exd5 13.f4 Ng6 14.e5 dxe5 15.
fxe5 Ne4 16.Bxd5 Nc5 17.Qf3 Qd7 18.Nc3 Rb8 19.Be3 Ne6 20.Red1 Nxe5 21.Qe4 
Bd6 22.f4 Ng4 23.f5 Nxe3 24.fxe6 Qe7 25.Rd3 Nxd5 26.exf7+ Kf8 27.Qxd5 Rd8 
28.Qf3 Qh4 29.h3 h5 30.Ne4 Rh6 31.Rad1 Rg6+ 32.Kf1 Qe7 33.Qf5 Re6 34.Ng5 
Rf6 35.Nh7+ Kxf7 36.Nxf6 gxf6 37.Qh7+ Kf8 38.Qh8+ Kf7 39.Qxh5+ Kf8 40.Qh8+
Kf7 41.Qh7+ Kf8 42.Qxe7+ Kxe7 43.h4 Bc7 44.Rxd8 Bxd8 45.Kg2 Bc7 46.Kf3 Be5
47.b3 b5 48.h5 Bc3 49.h6 Kf7 50.Rg1 f5 51.h7 Bg7 52.Kf4 Kf6 53.b4 Bh6+ 54.
Kf3 Bg7 55.Rg2 Kf7 56.Kf4 Kf6 57.Rxg7 Kxg7 58.Kxf5 Kxh7 59.Ke5 1-0

[Event "20th EUR-ch"]
[Site "Skopje MKD"]
[Date "2019.03.28"]
[Round "10"]
[White "Plenkovic, Zdenko"]
[Black "Sargsian, Shant"]
[Result "0-1"]
[WhiteElo "2383"]
[BlackElo "2488"]
[EventDate "2019.03.18"]
[Board "91"]
[PlyCount "76"]

1.g3 e5 2.d4 exd4 3.Qxd4 d5 4.Bg2 Nf6 5.Nf3 Be7 6.O-O O-O 7.Qd3 Na6 8.Be3 
Nb4 9.Qd1 c5 10.c3 Nc6 11.Qc2 h6 12.Na3 Be6 13.Rad1 Qa5 14.Bf4 b5 15.Ne5 
Nxe5 16.Bxe5 b4 17.Bxf6 Bxf6 18.cxb4 cxb4 19.Qd2 Rab8 20.Nc2 Bxb2 21.Bxd5 
Bc3 22.Qd3 Bh3 23.Ne3 Bxf1 24.Kxf1 Rfd8 25.Qf5 Qc7 26.Rd3 a5 27.Ng4 a4 28.
Be4 Rxd3 29.Bxd3 b3 30.a3 b2 31.Bb1 Qc6 32.Qh7+ Kf8 33.Kg1 Rd8 34.Ne3 g6 
35.Qxh6+ Bg7 36.Qh4 Rd4 37.Qh3 Qc1+ 38.Kg2 Kg8 0-1

[Event "20th EUR-ch"]
[Site "Skopje MKD"]
[Date "2019.03.28"]
[Round "10"]
[White "Studer, Noel"]
[Black "Osmak, Iulija"]
[Result "1-0"]
[WhiteElo "2479"]
[BlackElo "2399"]
[EventDate "2019.03.18"]
[Board "92"]
[PlyCount "109"]

1.d4 d5 2.c4 c6 3.Nf3 Nf6 4.e3 Bf5 5.Nc3 e6 6.Nh4 Bg6 7.Be2 Nbd7 8.O-O Ne4
9.g3 Nd6 10.c5 Nf5 11.Nxg6 hxg6 12.b4 Be7 13.Rb1 Bf6 14.f4 g5 15.g4 Ne7 
16.Rf2 Qc7 17.b5 g6 18.fxg5 Bxg5 19.e4 Bxc1 20.Qxc1 Nf6 21.e5 Ne4 22.Nxe4 
dxe4 23.Bc4 Rd8 24.Qe3 Nd5 25.Bxd5 cxd5 26.b6 axb6 27.Rxb6 Qe7 28.Rf6 Rd7 
29.a4 Qf8 30.Rf2 Qe7 31.Rf6 Qf8 32.Kg2 Qg7 33.h3 O-O 34.Qg5 Ra8 35.Rbxe6 
fxe6 36.Rxg6 Rxa4 37.Qf6 Ra2+ 38.Kg3 Ra3+ 39.Kh4 Kh8 40.Rxg7 Rxg7 41.g5 
Rf3 42.Qxe6 Rh7+ 43.Kg4 Rhxh3 44.Qxd5 Rhg3+ 45.Kh5 Kg7 46.Qxb7+ Rf7 47.
Qxe4 Rff3 48.Qg6+ Kh8 49.Qe8+ Kg7 50.Qd7+ Rf7 51.e6 Rxd7 52.exd7 Rh3+ 53.
Kg4 Rh8 54.c6 Kf7 55.c7 1-0

[Event "20th EUR-ch"]
[Site "Skopje MKD"]
[Date "2019.03.28"]
[Round "10"]
[White "Gines Esteo, Pedro Antonio"]
[Black "Livaic, Leon"]
[Result "1/2-1/2"]
[WhiteElo "2372"]
[BlackElo "2477"]
[EventDate "2019.03.18"]
[Board "93"]
[PlyCount "120"]

1.Nf3 Nf6 2.g3 e6 3.Bg2 d5 4.O-O Be7 5.d4 O-O 6.c4 c6 7.Qc2 b6 8.Rd1 Nbd7 
9.Bg5 Bb7 10.Nc3 dxc4 11.Ne5 Nxe5 12.dxe5 Nd7 13.Bf4 Qc8 14.Ne4 b5 15.Nd6 
Bxd6 16.Rxd6 c5 17.e4 Nb8 18.Qd1 Nc6 19.Qg4 Kh8 20.Rad1 b4 21.Bf1 Nd4 22.
Be3 c3 23.Bxd4 cxd4 24.R6xd4 Qc5 25.Rc4 Qa5 26.bxc3 bxc3 27.Qf3 Qxe5 28.
Rd7 Ba6 29.Rxc3 Bxf1 30.Kxf1 Qb5+ 31.Qd3 Qh5 32.Kg2 Kg8 33.Rcc7 a5 34.Qd6 
Qg4 35.Qe5 a4 36.h3 Qg6 37.a3 h6 38.h4 Rfc8 39.h5 Rxc7 40.Rxc7 Qf6 41.Qxf6
gxf6 42.Rc4 Ra5 43.Kf3 Rxh5 44.Rxa4 Rc5 45.Ra8+ Kg7 46.a4 Rc3+ 47.Kg2 Rc4 
48.Kf3 Rc3+ 49.Ke2 Rc2+ 50.Ke3 Rc3+ 51.Kd2 Rf3 52.Ke2 Ra3 53.a5 h5 54.a6 
f5 55.e5 f4 56.a7 fxg3 57.fxg3 Kh7 58.Kf2 Kg7 59.Kg2 Kh7 60.Kh3 Ra4 
1/2-1/2

[Event "20th EUR-ch"]
[Site "Skopje MKD"]
[Date "2019.03.28"]
[Round "10"]
[White "Gumularz, Szymon"]
[Black "Kamer, Kayra"]
[Result "1-0"]
[WhiteElo "2473"]
[BlackElo "2397"]
[EventDate "2019.03.18"]
[Board "94"]
[PlyCount "24"]

1.d4 Nf6 2.c4 g6 3.Nc3 Bg7 4.e4 d6 5.f3 O-O 6.Be3 c5 7.Nge2 Nc6 8.d5 Ne5 
9.Ng3 h5 10.Be2 h4 11.Nf1 e6 12.f4 Neg4 1-0

[Event "20th EUR-ch"]
[Site "Skopje MKD"]
[Date "2019.03.28"]
[Round "10"]
[White "Bakalchuk, Johnatan"]
[Black "Di Benedetto, Edoardo"]
[Result "1/2-1/2"]
[WhiteElo "2471"]
[BlackElo "2394"]
[EventDate "2019.03.18"]
[Board "95"]
[PlyCount "63"]

1.c4 e6 2.Nf3 d5 3.e3 Nf6 4.b3 Be7 5.Bb2 O-O 6.Nc3 b6 7.g3 Bb7 8.Bg2 c5 9.
O-O Na6 10.Ne5 Nb4 11.f4 Nc6 12.d3 Rc8 13.Qe2 a6 14.Rad1 d4 15.Ne4 Nxe4 
16.Bxe4 dxe3 17.Qxe3 Qc7 18.Nxc6 Bxc6 19.Bxc6 Qxc6 20.f5 e5 21.Bxe5 Bf6 
22.Bxf6 Qxf6 23.d4 Rfe8 24.Qf4 Re2 25.Rf2 Rxf2 26.Qxf2 h6 27.d5 Re8 28.d6 
Rd8 29.d7 Qe7 30.Qb2 Rxd7 31.Rxd7 Qxd7 32.Qe5 1/2-1/2

[Event "20th EUR-ch"]
[Site "Skopje MKD"]
[Date "2019.03.28"]
[Round "10"]
[White "Pogosyan, Stefan"]
[Black "Pavlov, Sergey"]
[Result "1-0"]
[WhiteElo "2347"]
[BlackElo "2471"]
[EventDate "2019.03.18"]
[Board "96"]
[PlyCount "111"]

1.Nf3 c5 2.b3 b6 3.Bb2 Bb7 4.e3 Nf6 5.d4 e6 6.Bd3 Be7 7.O-O O-O 8.c4 cxd4 
9.exd4 d5 10.Nbd2 Nc6 11.Qe2 Re8 12.Rfd1 Bf8 13.Rac1 Rc8 14.a3 g6 15.c5 a5
16.Bb5 Nd7 17.b4 axb4 18.Bxc6 Bxc6 19.axb4 bxc5 20.dxc5 e5 21.b5 Bxb5 22.
Qxb5 Rb8 23.Qc6 Rxb2 24.Nc4 dxc4 25.Rxd7 Qc8 26.Qd5 Re6 27.Ng5 Qxc5 28.
Nxe6 Qxd5 29.Rxd5 fxe6 30.Rd8 Kf7 31.Rc8 Bh6 32.Ra1 Rc2 33.h4 e4 34.Re1 
Bf4 35.Kf1 e3 36.fxe3 Bg3 37.Rd1 c3 38.e4 Bxh4 39.Rd3 Rc1+ 40.Ke2 Re1+ 41.
Kf3 Rf1+ 42.Kg4 Be7 43.Rd7 h5+ 44.Kg3 c2 45.Rxc2 Ke8 46.Rb7 Rd1 47.Rc6 Rd6
48.Rcc7 Bf6 49.Rh7 e5 50.Kh3 Kf8 51.Rb8+ Bd8 52.Rh8+ Ke7 53.Kh4 Ba5 54.
Rb7+ Kf6 55.Rf8+ Ke6 56.Kg5 1-0

[Event "20th EUR-ch"]
[Site "Skopje MKD"]
[Date "2019.03.28"]
[Round "10"]
[White "Ingebretsen, Jens E"]
[Black "Firat, Burak"]
[Result "0-1"]
[WhiteElo "2243"]
[BlackElo "2468"]
[EventDate "2019.03.18"]
[Board "97"]
[PlyCount "72"]

1.c4 f5 2.d4 Nf6 3.g3 d6 4.Bg2 g6 5.Nc3 Bg7 6.e3 O-O 7.Nge2 e5 8.O-O c6 9.
b3 e4 10.d5 c5 11.Bb2 Ng4 12.Nf4 Qe8 13.h3 Ne5 14.Qe2 Na6 15.Nb5 g5 16.
Nxd6 Qd7 17.Nxc8 gxf4 18.exf4 Nf7 19.Bxg7 Kxg7 20.Nxa7 Rxa7 21.f3 exf3 22.
Rxf3 Nc7 23.Re3 Qd6 24.a4 Raa8 25.Re1 Rae8 26.Qh5 Qf6 27.Kh2 b6 28.Qd1 
Rxe3 29.Rxe3 Re8 30.Qe1 Rxe3 31.Qxe3 Na6 32.Qe8 Nb4 33.Qb5 Nc2 34.a5 Qb2 
35.d6 Nd4 36.axb6 Nf3+ 0-1

[Event "20th EUR-ch"]
[Site "Skopje MKD"]
[Date "2019.03.28"]
[Round "10"]
[White "Paszewski, Mateusz"]
[Black "Gavrilescu, David"]
[Result "1/2-1/2"]
[WhiteElo "2340"]
[BlackElo "2467"]
[EventDate "2019.03.18"]
[Board "98"]
[PlyCount "53"]

1.c4 e5 2.g3 Nf6 3.Bg2 c6 4.Nf3 e4 5.Nd4 d5 6.d3 Bc5 7.Nb3 Bb4+ 8.Bd2 
Bxd2+ 9.Qxd2 O-O 10.cxd5 cxd5 11.Nc3 Qe7 12.O-O Nc6 13.Rfd1 Bf5 14.dxe4 
dxe4 15.h3 Rfe8 16.Qe3 Bg6 17.a3 Rac8 18.Rac1 a6 19.Na4 Rcd8 20.Nc3 h6 21.
Nd2 Qe6 22.Nf1 Na5 23.Rxd8 Rxd8 24.Rd1 Re8 25.Qd4 Nc4 26.Ne3 Nxe3 27.Qxe3 
1/2-1/2

[Event "20th EUR-ch"]
[Site "Skopje MKD"]
[Date "2019.03.28"]
[Round "10"]
[White "Petriashvili, Nikoloz"]
[Black "Kaasen, Tor Fredrik"]
[Result "1/2-1/2"]
[WhiteElo "2465"]
[BlackElo "2383"]
[EventDate "2019.03.18"]
[Board "99"]
[PlyCount "26"]

1.d4 Nf6 2.Nf3 b6 3.g3 Bb7 4.c4 e6 5.Bg2 Be7 6.O-O O-O 7.Nc3 Ne4 8.Bd2 d6 
9.Nxe4 Bxe4 10.Bc3 Nd7 11.Qa4 c5 12.Rfd1 Qc7 13.d5 Qb7 1/2-1/2

[Event "20th EUR-ch"]
[Site "Skopje MKD"]
[Date "2019.03.28"]
[Round "10"]
[White "Kevlishvili, Robby"]
[Black "Stoyanov, Tsvetan"]
[Result "1-0"]
[WhiteElo "2461"]
[BlackElo "2370"]
[EventDate "2019.03.18"]
[Board "100"]
[PlyCount "85"]

1.e4 c5 2.Nf3 e6 3.d4 cxd4 4.Nxd4 a6 5.c4 Nf6 6.Nc3 Bb4 7.Qd3 O-O 8.e5 Ne8
9.Nc2 Be7 10.Be2 Nc6 11.Bf4 f6 12.exf6 Bxf6 13.Bg3 Qb6 14.Rb1 Ne5 15.Qe3 
Qxe3 16.Nxe3 Nc6 17.Na4 Be5 18.Nb6 Rb8 19.Rd1 d6 20.Bg4 Kf7 21.c5 Ke7 22.
Ned5+ Kf7 23.Nf4 Nf6 24.cxd6 Nxg4 25.d7 Bxd7 26.Nxd7 Ke7 27.Nxb8 Nxb8 28.
Nd3 Bxg3 29.hxg3 h6 30.Rh4 Nf6 31.Rc4 Nc6 32.Nc5 b5 33.Rc2 Nb4 34.Re2 Rc8 
35.Nxe6 Kf7 36.a3 Nbd5 37.Nf4 Nb6 38.Rd6 Na4 39.Rxa6 Rc1+ 40.Kd2 Rb1 41.
Ra7+ Kg8 42.Ree7 Rxb2+ 43.Kc1 1-0

[Event "20th EUR-ch"]
[Site "Skopje MKD"]
[Date "2019.03.28"]
[Round "10"]
[White "Kalezic, Blazo"]
[Black "Kalogeris, Ioannis"]
[Result "1-0"]
[WhiteElo "2460"]
[BlackElo "2368"]
[EventDate "2019.03.18"]
[Board "101"]
[PlyCount "65"]

1.e4 c5 2.Nc3 Nc6 3.Nf3 e6 4.d4 cxd4 5.Nxd4 Qc7 6.Be2 a6 7.O-O Nf6 8.Kh1 
Be7 9.f4 d6 10.Be3 O-O 11.Qe1 Nxd4 12.Bxd4 b5 13.a3 Bb7 14.Qg3 Rad8 15.
Rae1 Rd7 16.Bd3 g6 17.f5 e5 18.Be3 Bd8 19.Qh3 Re8 20.Bg5 Nh5 21.Bh6 Bf6 
22.Rf3 d5 23.exd5 Bh8 24.fxg6 hxg6 25.Ref1 Nf4 26.Bxf4 exf4 27.Rxf4 Bxd5 
28.Nxd5 Rxd5 29.Rxf7 Qxf7 30.Rxf7 Kxf7 31.Qh7+ Ke6 32.Qxg6+ Kd7 33.Qf7+ 
1-0

[Event "20th EUR-ch"]
[Site "Skopje MKD"]
[Date "2019.03.28"]
[Round "10"]
[White "Janik, Igor"]
[Black "Serarols Mabras, Bernat"]
[Result "1-0"]
[WhiteElo "2454"]
[BlackElo "2363"]
[EventDate "2019.03.18"]
[Board "102"]
[PlyCount "79"]

1.e4 c6 2.d4 d5 3.e5 Bf5 4.Nf3 e6 5.Be2 Ne7 6.O-O c5 7.Na3 Nec6 8.c4 dxc4 
9.dxc5 Nd7 10.Bg5 Qb8 11.Nxc4 Bxc5 12.a3 Nb6 13.Be3 Bxe3 14.Nd6+ Ke7 15.
fxe3 Rd8 16.Qe1 Bg6 17.Qh4+ f6 18.exf6+ gxf6 19.Ne4 Nd7 20.Bb5 Qc7 21.Bxc6
bxc6 22.Nd4 Rf8 23.Qg4 Bf7 24.Rac1 c5 25.Nxc5 Nxc5 26.b4 Qb7 27.bxc5 Qd5 
28.Qf4 f5 29.Qc7+ Kf6 30.Rf2 Rfc8 31.Qa5 Qe4 32.Qc3 Kg6 33.Rf4 Qe5 34.c6 
Kf6 35.g4 Re8 36.Nxf5 Qxc3 37.Ng3+ Ke7 38.Rxc3 Rac8 39.c7 Rg8 40.Ne4 1-0

[Event "20th EUR-ch"]
[Site "Skopje MKD"]
[Date "2019.03.28"]
[Round "10"]
[White "Macovei, Andrei"]
[Black "Tate, Alan"]
[Result "1/2-1/2"]
[WhiteElo "2450"]
[BlackElo "2306"]
[EventDate "2019.03.18"]
[Board "103"]
[PlyCount "44"]

1.e4 e5 2.Nf3 Nc6 3.Bb5 Nf6 4.d3 Bc5 5.c3 d5 6.exd5 Qxd5 7.Bc4 Qd8 8.O-O 
O-O 9.Nbd2 a5 10.a4 Bf5 11.Qe2 Qd7 12.Ne4 Nxe4 13.dxe4 Be6 14.Bxe6 Qxe6 
15.Nd2 Ne7 16.Nc4 b6 17.g3 Rfd8 18.Be3 Bxe3 19.Nxe3 Qc6 20.Qc4 Qxc4 21.
Nxc4 f6 22.Rfd1 Kf7 1/2-1/2

[Event "20th EUR-ch"]
[Site "Skopje MKD"]
[Date "2019.03.28"]
[Round "10"]
[White "Warmerdam, Max"]
[Black "Milosevic, Milos"]
[Result "1-0"]
[WhiteElo "2448"]
[BlackElo "2299"]
[EventDate "2019.03.18"]
[Board "104"]
[PlyCount "115"]

1.e4 c5 2.Nf3 Nf6 3.Nc3 d5 4.exd5 Nxd5 5.Bb5+ Bd7 6.Ne5 Nf6 7.Qf3 Qc8 8.d3
e6 9.Bf4 Be7 10.a4 O-O 11.O-O a6 12.Bxd7 Nbxd7 13.Nc4 Ra7 14.a5 Nb8 15.Nb6
Qc6 16.Ne4 Kh8 17.Bxb8 Rxb8 18.Nd2 Bd8 19.Qxc6 bxc6 20.Nbc4 Bc7 21.Ne4 
Nxe4 22.dxe4 Rd8 23.c3 Raa8 24.Rfd1 g6 25.Kf1 Kg7 26.Ke2 f5 27.Rxd8 Rxd8 
28.g3 fxe4 29.Nd2 Rd5 30.Nxe4 Re5 31.Ra4 g5 32.h3 Kf7 33.g4 c4 34.Rxc4 
Bxa5 35.f3 Bd8 36.Rxc6 Ra5 37.Rc8 Be7 38.Rh8 Kg7 39.Rb8 Ra1 40.Rb6 Kf7 41.
c4 a5 42.c5 a4 43.c6 Rc1 44.Kd2 Rc4 45.Kd3 Rc1 46.Nc3 Bd6 47.Rb7+ Ke8 48.
Nxa4 Rxc6 49.Rb6 Kd7 50.Rxc6 Kxc6 51.Nc3 Be7 52.Kd4 Bf6+ 53.Kc4 Bd8 54.Ne4
h6 55.Nc5 e5 56.Ne4 Bb6 57.b4 Bd4 58.Ng3 1-0

[Event "20th EUR-ch"]
[Site "Skopje MKD"]
[Date "2019.03.28"]
[Round "10"]
[White "Muradli, Mahammad"]
[Black "Protopopova, Anastasiya"]
[Result "1/2-1/2"]
[WhiteElo "2444"]
[BlackElo "2263"]
[EventDate "2019.03.18"]
[Board "105"]
[PlyCount "103"]

1.d4 d5 2.c4 c6 3.Nf3 Nf6 4.Nc3 a6 5.e3 e6 6.b3 Bb4 7.Bd2 Nbd7 8.Bd3 O-O 
9.O-O Qe7 10.Qc2 dxc4 11.bxc4 e5 12.Ne4 Bxd2 13.Nxf6+ Nxf6 14.dxe5 Ng4 15.
Nxd2 g6 16.Be2 Qxe5 17.Nf3 Qe7 18.c5 Bf5 19.Qc3 Rad8 20.Nd4 Qe5 21.Bxg4 
Bxg4 22.Rac1 Rfe8 23.Rfe1 Be6 24.a3 Qg5 25.Nf3 Qh5 26.e4 Bc8 27.Nd4 Qe5 
28.Rcd1 Rd7 29.f3 Red8 30.Nb5 Qxc3 31.Nxc3 Rd3 32.Kf2 Be6 33.e5 Kf8 34.Rc1
R8d4 35.Ne4 Rxa3 36.Rb1 Bd5 37.Nd6 Ra5 38.Rxb7 Rd2+ 39.Kg3 Rxc5 40.Rb8+ 
Kg7 41.Ne8+ Kh6 42.Nf6 Rcc2 43.Rg1 Kg5 44.Ng4 Re2 45.Re8 Be6 46.h4+ Kf5 
47.Nh6+ Kxe5 48.Nxf7+ Kf6 49.Ng5 Bd5 50.Nxh7+ Kg7 51.Rxe2 Rxe2 52.Ng5 
1/2-1/2

[Event "20th EUR-ch"]
[Site "Skopje MKD"]
[Date "2019.03.28"]
[Round "10"]
[White "Aydincelebi, Kagan"]
[Black "Mazur, Stefan"]
[Result "1/2-1/2"]
[WhiteElo "2115"]
[BlackElo "2441"]
[EventDate "2019.03.18"]
[Board "106"]
[PlyCount "68"]

1.e4 e5 2.Nf3 Nc6 3.Bb5 a6 4.Ba4 Nf6 5.O-O Be7 6.Re1 b5 7.Bb3 d6 8.c3 O-O 
9.h3 Rb8 10.d4 exd4 11.cxd4 d5 12.e5 Ne4 13.Nbd2 Bf5 14.Bc2 Nb4 15.Bb1 c5 
16.a3 Nc6 17.dxc5 Bxc5 18.Bxe4 Bxe4 19.Nxe4 dxe4 20.Qxd8 Rbxd8 21.Rxe4 
Rd1+ 22.Re1 Rxe1+ 23.Nxe1 Nxe5 24.Bf4 Nc4 25.b3 Nxa3 26.Nd3 Be7 27.Re1 Bf6
28.Nc5 Nc2 29.Re4 Ra8 30.Nd7 a5 31.Bb8 h5 32.Re8+ Kh7 33.Nf8+ Kg8 34.Nd7+ 
Kh7 1/2-1/2

[Event "20th EUR-ch"]
[Site "Skopje MKD"]
[Date "2019.03.28"]
[Round "10"]
[White "Lagarde, Maxime"]
[Black "Borsuk, Konstantin"]
[Result "1-0"]
[WhiteElo "2631"]
[BlackElo "2346"]
[EventDate "2019.03.18"]
[Board "107"]
[PlyCount "115"]

1.b3 c5 2.Bb2 Nc6 3.Nf3 Nf6 4.c4 d5 5.cxd5 Nxd5 6.e3 f6 7.Nc3 e6 8.Qb1 g6 
9.h4 Nxc3 10.Bxc3 e5 11.h5 g5 12.Bd3 Qd7 13.Nh2 Bd6 14.Nf1 f5 15.Ng3 Rf8 
16.e4 f4 17.Nf5 Qc7 18.a3 Be6 19.Bc4 Bxc4 20.bxc4 O-O-O 21.Qd1 Ne7 22.
Nxe7+ Qxe7 23.Qg4+ Qd7 24.Qxd7+ Kxd7 25.Rh3 Ke6 26.Rd3 g4 27.Rd5 Rg8 28.
Ke2 Rg5 29.Rh1 b6 30.h6 Rf8 31.d3 Rf6 32.g3 fxg3 33.fxg3 Rf3 34.Be1 Be7 
35.Rh4 Bf6 36.a4 Rg6 37.Rxg4 Re3+ 38.Kxe3 Rxg4 39.Kf3 Rg6 40.Bd2 a5 41.d4 
cxd4 42.c5 bxc5 43.Rxc5 Rg8 44.Rxa5 Rb8 45.Rb5 Rc8 46.Rb2 Bd8 47.g4 Ra8 
48.g5 Rxa4 49.g6 Ra8 50.gxh7 Be7 51.Rb6+ Kf7 52.Rb7 Ke6 53.Kg4 d3 54.Kh5 
Rf8 55.Ra7 Rc8 56.Kg6 Rd8 57.Rxe7+ Kxe7 58.Bg5+ 1-0

[Event "20th EUR-ch"]
[Site "Skopje MKD"]
[Date "2019.03.28"]
[Round "10"]
[White "Klabis, Rokas"]
[Black "Romanov, Evgeny"]
[Result "0-1"]
[WhiteElo "2333"]
[BlackElo "2612"]
[EventDate "2019.03.18"]
[Board "108"]
[PlyCount "66"]

1.e4 e6 2.d4 d5 3.Nd2 Nc6 4.Ngf3 Nf6 5.e5 Nd7 6.Bd3 Nb4 7.Nb3 Nxd3+ 8.Qxd3
Be7 9.h4 h6 10.Bf4 a5 11.a4 b6 12.g4 Ba6 13.Qe3 c5 14.g5 Qc7 15.gxh6 gxh6 
16.Bxh6 cxd4 17.Nbxd4 Qc4 18.Bf4 Qb4+ 19.Qc3 Qxc3+ 20.bxc3 Rc8 21.h5 Rxc3 
22.h6 Nc5 23.Bd2 Rc4 24.Rb1 Rxa4 25.Nc6 Bf8 26.Nfd4 Ne4 27.Bc1 Bc5 28.h7 
Bxd4 29.Nxd4 Rxd4 30.Rxb6 Nc3 31.Bd2 Rb4 32.Rxb4 axb4 33.f3 d4 0-1

[Event "20th EUR-ch"]
[Site "Skopje MKD"]
[Date "2019.03.28"]
[Round "10"]
[White "Paichadze, Luka"]
[Black "Lazov, Toni"]
[Result "1-0"]
[WhiteElo "2576"]
[BlackElo "2332"]
[EventDate "2019.03.18"]
[Board "109"]
[PlyCount "107"]

1.e4 c5 2.Nf3 d6 3.d4 Nf6 4.Nc3 cxd4 5.Qxd4 a6 6.e5 Nc6 7.Qa4 dxe5 8.Nxe5 
Bd7 9.Nxd7 Qxd7 10.Be3 e6 11.Rd1 Qc8 12.Be2 Be7 13.O-O O-O 14.Qf4 Nb4 15.
Bf3 Nxc2 16.Bb6 Nb4 17.Rfe1 Re8 18.h3 Nbd5 19.Nxd5 Nxd5 20.Bxd5 exd5 21.
Rc1 Qd7 22.Rc7 Bd6 23.Rxe8+ Rxe8 24.Rxd7 Bxf4 25.g3 Be5 26.b3 h6 27.Rxb7 
Bc3 28.Rd7 Re1+ 29.Kg2 Rd1 30.Ra7 d4 31.Rxa6 d3 32.Be3 f5 33.Rc6 Bb4 34.
Rc4 d2 35.Rd4 Kf7 36.Kf3 Bc3 37.Rd3 Bb4 38.h4 Ke6 39.h5 Ba5 40.Kg2 Kf7 41.
a3 Rb1 42.Bxd2 Bxd2 43.Rxd2 Rxb3 44.Ra2 Kf6 45.f4 Rb5 46.a4 Ra5 47.Kf3 g6 
48.hxg6 Kxg6 49.Kg2 Kh5 50.Kh3 Kg6 51.Kh4 Re5 52.a5 Re1 53.Kh3 Kh5 54.a6 
1-0

[Event "20th EUR-ch"]
[Site "Skopje MKD"]
[Date "2019.03.28"]
[Round "10"]
[White "Enchev, Ivajlo"]
[Black "Rabatin, Jakub"]
[Result "1-0"]
[WhiteElo "2490"]
[BlackElo "2313"]
[EventDate "2019.03.18"]
[Board "110"]
[PlyCount "87"]

1.d4 Nf6 2.c4 g6 3.Nc3 d5 4.cxd5 Nxd5 5.e4 Nxc3 6.bxc3 Bg7 7.Be3 c5 8.Qd2 
O-O 9.Nf3 Bg4 10.d5 Nd7 11.Rc1 Nf6 12.Bd3 c4 13.Bb1 e6 14.Nd4 exd5 15.f3 
Bc8 16.e5 Nd7 17.f4 Nc5 18.O-O Ne4 19.Bxe4 dxe4 20.Qe2 Qc7 21.Nb5 Qc6 22.
Nxa7 Qa6 23.Nxc8 Raxc8 24.Bd4 f5 25.Rb1 b5 26.Rb4 Rfd8 27.Rfb1 Rd5 28.Qb2 
Bf8 29.Rxb5 Ba3 30.Rb6 Bxb2 31.Rxa6 Rxd4 32.Rxb2 Rd3 33.Kf2 Rc7 34.Rc2 Kf8
35.Rd6 Ke7 36.Rb6 Rcd7 37.Ke2 Rc7 38.a4 Rc5 39.Rb7+ Ke6 40.Rcb2 Rc6 41.a5 
Rxc3 42.R7b6 Kd7 43.Rd2+ Rd3 44.Rxc6 1-0

[Event "20th EUR-ch"]
[Site "Skopje MKD"]
[Date "2019.03.28"]
[Round "10"]
[White "Ibanez Aullana, Ramon"]
[Black "Tomazini, Zan"]
[Result "1-0"]
[WhiteElo "2283"]
[BlackElo "2431"]
[EventDate "2019.03.18"]
[Board "111"]
[PlyCount "133"]

1.d4 Nf6 2.Nf3 g6 3.c4 Bg7 4.Nc3 O-O 5.Bf4 d6 6.h3 Nfd7 7.Qd2 e5 8.Bh6 Nc6
9.d5 Ne7 10.h4 Nf6 11.e4 c6 12.Bd3 cxd5 13.cxd5 Bd7 14.Nh2 b5 15.Be3 b4 
16.Nd1 Nxe4 17.Bxe4 f5 18.f3 fxe4 19.fxe4 a5 20.Nf3 Rc8 21.b3 Bg4 22.O-O 
Qd7 23.Nh2 Rxf1+ 24.Kxf1 Bf6 25.Nf2 Qb5+ 26.Ke1 Bd7 27.Nf3 Qb7 28.Rc1 Bb5 
29.Ng4 Bg7 30.Bg5 Ba6 31.Kf2 Rf8 32.Kg1 Qd7 33.Nf2 Kh8 34.Be3 Ng8 35.Ng5 
Nf6 36.Ne6 Rc8 37.Rxc8+ Bxc8 38.Qc1 Ne8 39.Qc4 Bf6 40.g3 Qb7 41.Ng5 Kg7 
42.Bb6 h6 43.Nf3 Bg4 44.Nxg4 Qxb6+ 45.Kg2 Bd8 46.Qc1 g5 47.hxg5 h5 48.Nh6 
Qc7 49.Nf5+ Kg8 50.Qxc7 Bxc7 51.Kf2 Bb6+ 52.Ke2 Bc5 53.g6 Ng7 54.Ng5 Ne8 
55.Ne6 Bg1 56.Kf3 Bb6 57.Kg2 Ba7 58.Kh3 Nf6 59.Kh4 Bf2 60.Kg5 Nxe4+ 61.Kh6
Be3+ 62.Nxe3 Nxg3 63.g7 h4 64.Kg6 Nh5 65.Kxh5 h3 66.Kg6 h2 67.Ng4 1-0

[Event "20th EUR-ch"]
[Site "Skopje MKD"]
[Date "2019.03.28"]
[Round "10"]
[White "Megalios, Konstantinos"]
[Black "Tsvetkov, Andrey"]
[Result "1/2-1/2"]
[WhiteElo "2416"]
[BlackElo "2322"]
[EventDate "2019.03.18"]
[Board "112"]
[PlyCount "62"]

1.Nf3 d5 2.c4 c6 3.g3 dxc4 4.Bg2 Nd7 5.Qc2 e5 6.Qxc4 Be7 7.O-O Ngf6 8.d3 
O-O 9.b3 Bd6 10.Bb2 Qe7 11.Nbd2 a5 12.a3 Ra6 13.Qc2 Re8 14.e4 b5 15.d4 c5 
16.dxe5 Nxe5 17.a4 Nxf3+ 18.Bxf3 bxa4 19.bxa4 Nd7 20.Be2 Ra8 21.f4 c4 22.
Bxc4 Bc5+ 23.Kg2 Bb7 24.Rae1 Rac8 25.Re2 Bb4 26.Bc3 Rxc4 27.Nxc4 Bxe4+ 28.
Rxe4 Qxe4+ 29.Qxe4 Rxe4 30.Bxb4 Rxc4 31.Bxa5 Rxa4 1/2-1/2

[Event "20th EUR-ch"]
[Site "Skopje MKD"]
[Date "2019.03.28"]
[Round "10"]
[White "Ioannidis, Evgenios"]
[Black "Petkov, Momchil"]
[Result "0-1"]
[WhiteElo "2412"]
[BlackElo "2296"]
[EventDate "2019.03.18"]
[Board "113"]
[PlyCount "80"]

1.e4 c6 2.Nf3 d5 3.Nc3 Nf6 4.e5 Ne4 5.Ne2 Qb6 6.d4 e6 7.Ng3 c5 8.c3 Nc6 9.
Bd3 cxd4 10.cxd4 Bb4+ 11.Kf1 f5 12.Ne2 Bd7 13.a3 Be7 14.b4 O-O-O 15.h4 Kb8
16.Be3 g6 17.Ne1 h6 18.b5 Na5 19.f3 g5 20.a4 gxh4 21.fxe4 fxe4 22.Bb1 
Rdf8+ 23.Kg1 Nc4 24.Nc2 Be8 25.Ba2 Nb2 26.Qd2 Nd3 27.Rb1 Rhg8 28.Ne1 Bg5 
29.Nxd3 exd3 30.Qxd3 Bg6 31.Qd2 Bxe3+ 32.Qxe3 Be4 33.Rh2 Bxb1 34.Bxb1 Qa5 
35.Nc3 Rg3 36.Qxh6 Rc8 37.Rxh4 Qxc3 38.Qxe6 Rcg8 39.Qd6+ Ka8 40.Qg6 R3xg6 
0-1

[Event "20th EUR-ch"]
[Site "Skopje MKD"]
[Date "2019.03.28"]
[Round "10"]
[White "Maltsevskaya, Aleksandra"]
[Black "Duzhakov, Ilya"]
[Result "0-1"]
[WhiteElo "2252"]
[BlackElo "2405"]
[EventDate "2019.03.18"]
[Board "114"]
[PlyCount "76"]

1.e4 e6 2.Nc3 d5 3.Nf3 Nf6 4.e5 Nfd7 5.d4 c5 6.Ne2 cxd4 7.Nexd4 Nc6 8.Nxc6
bxc6 9.Bd3 Ba6 10.O-O Qb6 11.Be3 Bc5 12.Bxc5 Nxc5 13.Bxa6 Qxa6 14.Nd4 O-O 
15.a4 Rab8 16.Ra3 Rxb2 17.Rc3 Ne4 18.Rxc6 Qxa4 19.Qd3 Rb4 20.Ra6 Qd7 21.
Qe3 Qb7 22.Ra3 Qb6 23.Rd3 Rc8 24.f3 Nc5 25.Rc3 Rd8 26.Rd1 Na4 27.Rb3 Rc8 
28.Rdd3 a5 29.Rxb4 axb4 30.Kf2 Nb2 31.Rd2 Nc4 32.Qd3 Nxd2 33.Qxd2 Rc4 34.
Ke3 h6 35.h4 Qa7 36.h5 Qa1 37.Ne2 Qxe5+ 38.Kf2 Qxh5 0-1